| 000 | 00533nam a22001937a 4500 | ||
|---|---|---|---|
| 005 | 20240123104820.0 | ||
| 008 | 231222b |||||||| |||| 00| 0 eng d | ||
| 020 | _a978-1108-33858 | ||
| 082 |
_a428.0076 _bJAK |
||
| 100 | _aJakeman, Vanessa; | ||
| 245 |
_aCambridge English IELTS-16: _bpractice test/ _cJakeman, Vanessa; McDowell,Clare; |
||
| 260 |
_aUK _bCambridge _c2002 |
||
| 300 | _a141 | ||
| 490 | _v16 | ||
| 500 | _aWith Answers (Set of 17 Vol). | ||
| 650 | _aEnglish Language | ||
| 700 | _aMcDowell,Clare; | ||
| 999 |
_c34962 _d34962 |
||